Reymont

Bibliographic Details
Main Author: Kocówna, Barbara (Author)
Format: Book
Language:Undetermined
PhysicalDescription:311 s.
Published: Warszawa Ludowá Spółdzielnia Wydawnicza 1971

MARC

LEADER 00000nam a2200000 a 4500
001 vtls001436459
003 SK-MaSNL
005 20260301121057.0
008 240314s1971 xx 0 und
035 |a SNK000391559 
040 |a SNK  |b slo  |c SNK  |e AACR2 
100 1 |a Kocówna, Barbara  |4 aut  |9 300138 
245 1 0 |a Reymont 
260 |a Warszawa  |b Ludowá Spółdzielnia Wydawnicza  |c 1971 
300 |a 311 s. 
958 |a OND 
999 |c 728073  |d 730003 
952 |t P60, <04>, [BOOK], {604}  |a SNK  |b SNK  |y VYP  |7 0  |p 17A0346098  |o snkID 73812  |0 0  |1 0  |4 0  |d 2002-06-18  |l 0  |r 2005-01-02 00:00:00  |w 2026-02-23